| 000 | 00656nam a2200277Ia 4500 | ||
|---|---|---|---|
| 005 | 20260324141154.0 | ||
| 008 | 008 260324s9999 xx 000 0 eng d | ||
| 020 | _a9781003067849 | ||
| 037 | _aEBOOK | ||
| 040 | _aCRL | ||
| 040 | _beng | ||
| 040 | _cCRL | ||
| 041 | _2eng | ||
| 041 | _aeng | ||
| 084 | _qCRL | ||
| 100 |
_aDavid A. Nash; John A. Hamilton; Udo W. Pooch _91207197 |
||
| 245 | 0 | _aDistributed Simulation | |
| 260 | _bTaylor and Francis | ||
| 260 | _c1997 | ||
| 365 | _a | ||
| 365 | _b210 | ||
| 856 | _uhttp://www.taylorfrancis.com/books/9781003067849 | ||
| 942 | _cEBOOK | ||
| 999 |
_c1809998 _d1809998 |
||